000
00293nam a2200121Ia 4500
008
190216s9999||||xx |||||||||||||| ||und||
100
_a
Sundharan. K.P.M
245
0
_a
Introduction To Indian Economy
260
_b
Rchand And Company
_c
1993
300
_a
578p
650
_a
Economics
942
_c
BK
999
_c
9953
_d
9953